Stations du métro parisien : 19e arrondissement - Statistiques

Statistiques générales
  • Ce quiz a été pris 51 fois
  • Le résultat moyen est 16 sur 21
Statistiques - réponses
Ligne Station % Correct
2 ; 5; 7bis Jaurès
95%
2 ; 5 ; 7 Stalingrad
95%
2 Belleville
90%
7bis; 11 Place des Fêtes
88%
7 Crimée
80%
7bis Danube
80%
5 Laumière
80%
5 Porte de Pantin
80%
7bis Botzaris
78%
5 Ourcq
78%
7 Riquet
78%
7bis Buttes Chaumont
76%
7 Corentin Cariou
76%
3bis; 11 Porte des Lilas
76%
7 Porte de la Villette
73%
2 Colonel Fabien
71%
11 Pyrénées
71%
7bis Bolivar
63%
11 Télégraphe
63%
7bis Pré Saint Gervais
63%
11 Jourdain
59%
Aucun quiz correspondant
Distribution des résultats
% des personnes avec chaque résultat
Percentile par nombre de réponses
Votre historique - résultats
Vous n’avez pas pris ce quiz